Welcome to the Holygrace Academy Library

Please use search bar below to get started

MEDICAL & FIRST AID DICTIONARY (Record no. 1393)

MARC details
000 -LEADER
fixed length control field 00337nam a22001457a 4500
020 ## - INTERNATIONAL STANDARD BOOK NUMBER
ISBN 81863070-7
082 ## - DEWEY DECIMAL CLASSIFICATION NUMBER
Classification number 616.0252
Item number XAC/M
100 ## - MAIN ENTRY--AUTHOR NAME
Personal name PENTAGON PRESS
245 ## - TITLE STATEMENT
Title MEDICAL & FIRST AID DICTIONARY
250 ## - EDITION STATEMENT
Edition statement FIRST EDITION
260 ## - PUBLICATION, DISTRIBUTION, ETC. (IMPRINT)
Place of publication DELHI
Name of publisher PENTAGON PRESS
Year of publication 2004
300 ## - PHYSICAL DESCRIPTION
Number of Pages 334
650 ## - SUBJECT ADDED ENTRY--TOPICAL TERM
Topical Term HEALTHCARE
Geographic subdivision INDIA
942 ## - ADDED ENTRY ELEMENTS (KOHA)
Koha item type Books
Holdings
Withdrawn status Lost status Collection code Home library Current library Shelving location Date acquired Source of acquisition Cost, normal purchase price Full call number Accession Number Koha item type
    Reference Main Library Main Library SHELF-5 D REFERENCEBIOLOGY 18/04/2006 purchase 125.00 616.0252 XAC/M 02512 Books